00897nam a2200217 a 450000100100000000500170001000800410002702000150006804000250008324500750010826000270018330000430021049000460025350000210029950400730032070000380039371000720043183000530050395201060055699900170066200004169820201002035715.0131016s1994 sp 001 0 spa d a8400074017 aDO-SdBNPbspacBNPHU03aGeolingüistica :btrabajos europeos /ceditor Pilar García Mouton. aMadrid :bCSIC,c1994. aVIII, 273 p ; :bil., retrs. ;c25 cm.1 aBiblioteca de filología hispánicab12 aIncluye índice aIncluye referencias bibliográficas y notas al pie de las páginas1 aGarcía Mouton, Pilareed9660712 aConsejo Superior de Investigaciones Científicas (España)915178 0aBiblioteca de filología hispánicav12967489 0010507-18MOaGRbGRcOId2013-10-16iLF1l0o p41698-10r2020-06-25w2020-06-25y1ZNo se presta c41187d41187